| 000 | 01306cam a22003737a 4500 | ||
|---|---|---|---|
| 003 | CHAP | ||
| 005 | 20220817041141.0 | ||
| 008 | 971013s1992 it a r 00010 fre d | ||
| 010 | _a7492 | ||
| 011 | _a8464 | ||
| 020 | _a9252028013 | ||
| 035 | _a7693 | ||
| 040 | _cCHAP | ||
| 082 |
_a636.08 _bF3f v.81 |
||
| 110 | _aFAO | ||
| 245 | 1 | 0 |
_aDiagnostic bactériologique vétérinaire; méthodes de laboratoire pour le diagnostic de certaines maladies du bétail _c/par G.G. Alton ...[et al.] |
| 260 |
_aRome : _bFAO, _c1992 |
||
| 300 |
_a229 p. : _cilus., gráfs. |
||
| 490 | 0 |
_aFAO. Producción y sanidad animal _v; 81 |
|
| 590 |
_aBATCH-UPD _b10 _c20130110 _lUCH01 _h1159 |
||
| 590 |
_aBATCH-UPD _b10 _c20130410 _lUCH01 _h0741 |
||
| 590 |
_aBATCH-UPD _b10 _c20130914 _lUCH01 _h0517 |
||
| 590 |
_aCONVERSION _b10 _c20130109 _lUCH01 _h1305 |
||
| 650 | 1 | 4 |
_aBacteriología veterinaria. _99338 |
| 650 | 1 | 4 |
_aBacteriología _xManuales de laboratorio. _99334 |
| 650 | 1 | 4 |
_aGanado _xEnfermedades. _944909 |
| 650 | 1 | 4 |
_aMicrobiología veterinaria. _975500 |
| 650 | 1 | 4 |
_aSerodiagnóstico. _9105179 |
| 700 | 0 |
_aAlton, G. G. _94707 |
|
| 830 | 0 |
_aFAO. Producción y sanidad animal _v; 81 _939655 |
|
| 901 | _aBK | ||
| 942 | _cLIBRO | ||
| 949 |
_a636.08 F3f v.81 _bBC _cFAO _d33724002128298 _eFAO1 _gDonaciØn _h82931 _i7693 _sb |
||
| 999 |
_c7492 _d7492 |
||